[Event "ESP-ch U10 rapid"]
[Site "Salobrena"]
[Date "2024.07.06"]
[Round "4"]
[White "Conan, Arthur Gabriel"]
[Black "Caballero Mogilnikov, Liam"]
[Result "0-1"]
[WhiteElo "1624"]
[BlackElo "1746"]
[PlyCount "65"]
[EventDate "2024.07.06"]
[EventType "swiss (rapid)"]
[EventRounds "9"]
[EventCountry "ESP"]
[SourceTitle "EXT 2025"]
[Source "ChessBase"]
[SourceDate "2024.10.14"]
[SourceVersion "1"]
[SourceVersionDate "2024.10.14"]
[SourceQuality "1"]

1. e4 c5 2. Nf3 Nc6 3. d4 cxd4 4. Nxd4 e5 5. Nb5 d6 6. c4 Be7 7. N1c3 a6 8. Na3 f5 9. Bd3 f4 10. Nd5 Nf6 11. Bd2 0-0 12. Nxf6+ Bxf6 13. Nc2 Be6 14. Qe2 Rc8 15. g3 f3 16. Qxf3 Nd4 17. Nxd4 exd4 18. Qe2 Qc7 19. b3 a5 20. f4 Rce8 21. Qh5 Bf7 22. Qxa5 b6 23. Qb5 Ra8 24. 0-0 Be8 25. Qb4 Be7 26. Bc1 d5 27. Qe1 dxc4 28. Bxc4+ Kh8 29. Bb2 Bc5 30. Kg2 Bc6 31. Qe2 Rae8 32. Bd3 Qb7 33. Kf3 0-1

[Event "ESP-ch U10"]
[Site "Salobrena"]
[Date "2024.07.05"]
[Round "8"]
[White "Escobar Pavlik, Luka"]
[Black "Conan, Arthur Gabriel"]
[Result "1-0"]
[WhiteElo "1645"]
[BlackElo "1772"]
[PlyCount "63"]
[EventDate "2024.07.01"]
[EventType "swiss"]
[EventRounds "9"]
[EventCountry "ESP"]
[SourceTitle "EXT 2025"]
[Source "ChessBase"]
[SourceDate "2024.10.14"]
[SourceVersion "1"]
[SourceVersionDate "2024.10.14"]
[SourceQuality "1"]

1. d4 Nf6 2. c3 g6 3. Bg5 Bg7 4. Nd2 0-0 5. e4 d6 6. Ngf3 Nbd7 7. Bc4 h6 8. Bxf6 Bxf6 9. 0-0 c5 10. d5 Kh7 11. Qc2 Nb6 12. Bd3 Rg8 13. Rae1 Qc7 14. Nc4 Nxc4 15. Bxc4 e6 16. dxe6 Bxe6 17. Be2 d5 18. Nd2 Rad8 19. f4 dxe4 20. Nxe4 Bg7 21. Rd1 Bf5 22. g3 Rge8 23. Bf3 Qc6 24. Rxd8 Rxd8 25. Re1 Qe6 26. Qe2 b6 27. Qa6 Bxe4 28. Rxe4 Qd7 29. Qe2 Bf6 30. Kf2 Qh3 31. Ke3 b5 32. Bg4 1-0

[Event "ESP-ch U10"]
[Site "Salobrena"]
[Date "2024.07.03"]
[Round "4"]
[White "Roo Perez, Xoel"]
[Black "Conan, Arthur Gabriel"]
[Result "0-1"]
[WhiteElo "1631"]
[BlackElo "1772"]
[PlyCount "160"]
[EventDate "2024.07.01"]
[EventType "swiss"]
[EventRounds "9"]
[EventCountry "ESP"]
[SourceTitle "EXT 2025"]
[Source "ChessBase"]
[SourceDate "2024.10.14"]
[SourceVersion "1"]
[SourceVersionDate "2024.10.14"]
[SourceQuality "1"]

1. e4 e6 2. d4 d5 3. exd5 exd5 4. Nf3 Nc6 5. Bd3 Bg4 6. c3 Qd7 7. a4 Bd6 8. h3 Bf5 9. Be3 Nge7 10. Na3 a6 11. Nh4 Bxd3 12. Qxd3 0-0 13. 0-0 f5 14. f4 Rae8 15. Nf3 Nd8 16. Nc2 Ng6 17. Ne5 Bxe5 18. dxe5 Ne6 19. a5 c5 20. b4 Rc8 21. Rad1 Ne7 22. Rf2 d4 23. cxd4 c4 24. Qa3 Qb5 25. Bc1 Nd5 26. g3 Rfd8 27. Rfd2 Kf7 28. Qf3 g6 29. Ba3 Qa4 30. Qf2 Nec7 31. Ra1 Qc6 32. Re1 Ke6 33. Qg2 Nb5 34. Red1 Rd7 35. Ra1 Rcd8 36. Rb1 Ne7 37. Qxc6+ Nxc6 38. Rc1 c3 39. Rd3 Ncxd4 40. Nxd4+ Rxd4 41. Rf3 Rd1+ 42. Rxd1 Rxd1+ 43. Rf1 Rxf1+ 44. Kxf1 Nxa3 45. Ke2 Nb5 46. Kd3 h5 47. Kc2 Ke7 48. Kd3 Kd7 49. Ke3 Ke7 50. Kd3 Kf7 51. Ke3 g5 52. fxg5 Ke6 53. Kd3 Kxe5 54. h4 Nd4 55. Kxc3 Ne2+ 56. Kd3 Nxg3 57. Ke3 f4+ 58. Kf3 Kf5 59. g6 Kxg6 60. Kxf4 Nf5 61. Ke5 Nxh4 62. Kd6 Nf5+ 63. Kc7 Nd6 64. Kxd6 h4 65. Kc7 h3 66. Kxb7 h2 67. Kxa6 h1Q 68. b5 Qa8+ 69. Kb6 Kf7 70. a6 Qb8+ 71. Kc6 Qa7 72. b6 Qxa6 73. Kc7 Qc4+ 74. Kb8 Ke7 75. Ka7 Qa4+ 76. Kb8 Kd7 77. b7 Qb5 78. Ka7 Kc7 79. b8Q+ Qxb8+ 80. Ka6 Qb6# 0-1

[Event "Santa Cruz Christmas op 32nd"]
[Site "Santa Cruz"]
[Date "2022.12.21"]
[Round "5"]
[White "Conan, Arthur Gabriel"]
[Black "Velasquez Vargas, Sebastian"]
[Result "0-1"]
[WhiteElo "1168"]
[BlackElo "1322"]
[PlyCount "116"]
[EventDate "2022.12.15"]
[EventType "swiss"]
[EventRounds "9"]
[EventCountry "ESP"]
[SourceTitle "EXT 2024"]
[Source "ChessBase"]
[SourceDate "2023.10.10"]
[SourceVersion "1"]
[SourceVersionDate "2023.10.10"]
[SourceQuality "1"]

1. e4 e5 2. Nf3 Nc6 3. d4 exd4 4. Nxd4 Bb4+ 5. c3 Be7 6. Be3 d6 7. Bc4 Nf6 8. Nd2 Ne5 9. Be2 0-0 10. 0-0 b6 11. Re1 Bb7 12. f3 d5 13. exd5 Nxd5 14. Bf2 Nf4 15. Bb5 Ned3 16. Re3 Nxf2 17. Kxf2 Bc5 18. N2b3 Bd6 19. Kg1 Qg5 20. Qd2 Nh3+ 21. Kf1 Bf4 22. gxh3 Bxe3 23. Qd3 Qg1+ 24. Ke2 Qf2+ 25. Kd1 Bxf3+ 26. Nxf3 Qxf3+ 27. Qe2 Rad8+ 28. Kc2 Qxe2+ 29. Bxe2 a5 30. a4 Bf4 31. Rh1 Rfe8 32. Bb5 Re3 33. h4 Rh3 34. Nd4 Rxh2+ 35. Rxh2 Bxh2 36. Nc6 Rd6 37. Ne7+ Kf8 38. Nc8 Rh6 39. Na7 Rxh4 40. Nc6 g5 41. Nd4 g4 42. Nf5 Rh5 43. Bd3 Bf4 44. Kd1 g3 45. Nd4 g2 46. Ne2 Rh1+ 47. Kc2 Re1 48. b4 Rxe2+ 49. Bxe2 g1Q 50. bxa5 bxa5 51. Bd3 Qc1+ 52. Kb3 Be5 53. Kc4 Qxc3+ 54. Kd5 Qd4+ 55. Kc6 Qd6+ 56. Kb7 Qb6+ 57. Kc8 c6 58. Bxh7 Qc7# 0-1